[Event "IECC O-4815"]
[Site "IECC email"]
[Date "2019.04.13"]
[Round "?"]
[White "Klapp, Ulrich"]
[Black "Kellaway, Ted"]
[Result "1-0"]
[WhiteElo "1288"]
[BlackElo "1085"]
[PlyCount "73"]
[EventDate "2019.??.??"]
[EventType "swiss (corr)"]
[EventRounds "2"]
[SourceTitle "Corr 2020"]
[Source "ChessBase"]
[SourceDate "2019.09.30"]
[SourceVersion "1"]
[SourceVersionDate "2019.09.30"]
[SourceQuality "1"]
[WhiteTeam "Germany"]
[BlackTeam "South Africa"]
[WhiteTeamCountry "GER"]
[BlackTeamCountry "RSA"]

1. c4 e5 2. Nc3 c6 3. e3 d6 4. Be2 Nf6 5. d4 Be7 6. c5 d5 7. Nf3 e4 8. Nd2 Be6 9. 0-0 0-0 10. f3 exf3 11. Nxf3 b6 12. Qb3 Nbd7 13. Qa3 a5 14. Ng5 g6 15. Nxe6 fxe6 16. Bd2 bxc5 17. Qa4 Qc7 18. Qc2 Bd6 19. h3 Bh2+ 20. Kh1 Rf7 21. Be1 c4 22. Nd1 Raf8 23. b3 c5 24. Nc3 Rb8 25. Bf3 Nh5 26. dxc5 Nxc5 27. bxc4 dxc4 28. Rb1 Bg3 29. Nb5 Qb6 30. Qxc4 Re7 31. Bxh5 Rf8 32. Rxf8+ Kxf8 33. Bxg3 e5 34. Rd1 Re8 35. Nd6 Re6 36. Rf1+ Ke7 37. Nc8+ 1-0

[Event "IECC O-4388"]
[Site "IECC email"]
[Date "2016.09.23"]
[Round "?"]
[White "Klapp, Ulrich"]
[Black "Petrov, Ivan"]
[Result "1-0"]
[WhiteElo "1251"]
[BlackElo "1099"]
[PlyCount "55"]
[EventDate "2016.??.??"]
[EventType "swiss (corr)"]
[EventRounds "2"]
[SourceTitle "Corr 2020"]
[Source "ChessBase"]
[SourceDate "2019.09.30"]
[SourceVersion "1"]
[SourceVersionDate "2019.09.30"]
[SourceQuality "1"]
[WhiteTeam "Germany"]
[BlackTeam "Russia"]
[WhiteTeamCountry "GER"]
[BlackTeamCountry "RUS"]

1. c4 Nf6 2. Nf3 g6 3. b3 Bg7 4. Bb2 0-0 5. d4 d6 6. e3 Nbd7 7. Be2 e5 8. 0-0 e4 9. Ng5 d5 10. Nc3 h6 11. Nh3 dxc4 12. bxc4 Nb6 13. Nf4 Re8 14. Ba3 Bf8 15. Bxf8 Rxf8 16. Qb3 g5 17. Nfd5 Nfxd5 18. Nxd5 Be6 19. Rfc1 Nxd5 20. cxd5 Bxd5 21. Qb5 b6 22. Bc4 c6 23. Qa6 Bxc4 24. Qxc4 Rc8 25. a4 b5 26. axb5 cxb5 27. Qxb5 Rxc1+ 28. Rxc1 1-0

[Event "IECC O-4372"]
[Site "IECC email"]
[Date "2016.08.19"]
[Round "?"]
[White "Klapp, Ulrich"]
[Black "Domingues, Marcos"]
[Result "0-1"]
[WhiteElo "1250"]
[BlackElo "1333"]
[PlyCount "46"]
[EventDate "2016.??.??"]
[EventType "swiss (corr)"]
[EventRounds "2"]
[SourceTitle "Corr 2020"]
[Source "ChessBase"]
[SourceDate "2019.09.30"]
[SourceVersion "1"]
[SourceVersionDate "2019.09.30"]
[SourceQuality "1"]
[WhiteTeam "Germany"]
[BlackTeam "Brazil"]
[WhiteTeamCountry "GER"]
[BlackTeamCountry "BRA"]

1. d4 Nf6 2. c4 e6 3. g3 d5 4. cxd5 exd5 5. Bg2 Bd6 6. Nf3 0-0 7. 0-0 c6 8. Re1 Bf5 9. Nh4 Be6 10. Nc3 Nbd7 11. b3 h6 12. Qc2 a5 13. e4 dxe4 14. Nxe4 Bb4 15. Bd2 Qb6 16. a3 Nxe4 17. Bxe4 Bxd2 18. Qxd2 Rfd8 19. d5 Nf6 20. Qe2 Bxd5 21. Bxd5 Rxd5 22. Qc4 Rd4 23. Rac1 Rxc4 0-1

[Event "SE-2015-0-00216"]
[Site "LSS email"]
[Date "2015.12.30"]
[Round "?"]
[White "Klapp, Ulrich"]
[Black "Shim Ng Min, Francis"]
[Result "1/2-1/2"]
[WhiteElo "1363"]
[BlackElo "1285"]
[PlyCount "98"]
[EventDate "2015.10.28"]
[EventType "tourn (corr)"]
[EventRounds "6"]
[EventCountry "GER"]
[SourceTitle "Corr 2022"]
[Source "ChessBase"]
[SourceDate "2021.10.24"]
[SourceVersion "1"]
[SourceVersionDate "2021.10.24"]
[SourceQuality "1"]

1. Nf3 Nf6 2. d4 d5 3. e3 e6 4. Bb5+ Bd7 5. a4 Be7 6. 0-0 0-0 7. Bd2 c6 8. Bd3 c5 9. Ne5 Nc6 10. Nxd7 Qxd7 11. Bc3 c4 12. Be2 Bb4 13. Bxb4 Nxb4 14. c3 Nc6 15. Nd2 e5 16. b3 cxb3 17. Nxb3 exd4 18. Nc5 Qe7 19. cxd4 Na5 20. Qd2 b6 21. Rfd1 Qd8 22. Nd3 Nb3 23. Qb2 Nxa1 24. Rxa1 Qd6 25. h3 h6 26. a5 bxa5 27. Nc5 Rfb8 28. Qc2 Rb6 29. f4 Rab8 30. Qf5 Rd8 31. Rxa5 Qe7 32. Qe5 Qxe5 33. fxe5 Nd7 34. Na4 Rb1+ 35. Kf2 Ra1 36. Rxa7 Nb6 37. Bb5 Rb8 38. Ra6 Nxa4 39. Rxa4 Rxa4 40. Bxa4 Kf8 41. h4 Ke7 42. Bc6 Rd8 43. g4 f6 44. exf6+ Kxf6 45. e4 dxe4 46. Ke3 Ke6 47. Bxe4 Rf8 48. h5 Kd6 49. Bg6 Rf6 1/2-1/2

[Event "SE-2015-0-00216"]
[Site "LSS email"]
[Date "2015.12.30"]
[Round "?"]
[White "Velasco, Jose"]
[Black "Klapp, Ulrich"]
[Result "1-0"]
[WhiteElo "800"]
[BlackElo "1363"]
[PlyCount "65"]
[EventDate "2015.10.28"]
[EventType "tourn (corr)"]
[EventRounds "6"]
[EventCountry "GER"]
[SourceTitle "Corr 2022"]
[Source "ChessBase"]
[SourceDate "2021.10.24"]
[SourceVersion "1"]
[SourceVersionDate "2021.10.24"]
[SourceQuality "1"]

1. d4 d5 2. c4 e6 3. Nf3 c6 4. Nc3 Bb4 5. e3 Nd7 6. a3 Be7 7. Bd3 Ngf6 8. 0-0 0-0 9. Qc2 Qc7 10. Bd2 g6 11. Rfe1 c5 12. cxd5 exd5 13. e4 c4 14. Nxd5 Nxd5 15. exd5 Bd6 16. Qxc4 Qxc4 17. Bxc4 Nb6 18. Bb3 Bd7 19. Ng5 Rfc8 20. Ne4 Bf8 21. Bf4 Bf5 22. Nf6+ Kg7 23. Be5 Be7 24. Ne8+ Kf8 25. Nc7 Rab8 26. Bf4 g5 27. d6 Bf6 28. Be5 Nd7 29. h3 Bxe5 30. dxe5 Nc5 31. Ba2 Nd3 32. Re3 Nxb2 33. Rf3 1-0

[Event "IECC O-4151"]
[Site "IECC email"]
[Date "2015.12.29"]
[Round "?"]
[White "Meetze, Bill"]
[Black "Klapp, Ulrich"]
[Result "1-0"]
[WhiteElo "1272"]
[BlackElo "1247"]
[PlyCount "75"]
[EventDate "2015.??.??"]
[EventType "swiss (corr)"]
[EventRounds "2"]
[SourceTitle "Corr 2020"]
[Source "ChessBase"]
[SourceDate "2019.09.30"]
[SourceVersion "1"]
[SourceVersionDate "2019.09.30"]
[SourceQuality "1"]
[WhiteTeam "United States"]
[BlackTeam "Germany"]
[WhiteTeamCountry "USA"]
[BlackTeamCountry "GER"]

1. e4 d6 2. d4 Nf6 3. Bc4 Nxe4 4. Bb5+ Bd7 5. Qe2 d5 6. Nf3 c6 7. Bd3 Bf5 8. Nh4 e6 9. Nxf5 exf5 10. 0-0 Bd6 11. f3 0-0 12. fxe4 fxe4 13. Bxe4 dxe4 14. Qxe4 Re8 15. Qf5 Qd7 16. Qxd7 Nxd7 17. Nc3 Nf6 18. Bd2 b5 19. Rae1 b4 20. Na4 Ne4 21. Bf4 Bxf4 22. Rxf4 Nd2 23. Kf2 Nc4 24. Rxe8+ Rxe8 25. Rf3 Nd2 26. Re3 Ne4+ 27. Ke2 f5 28. Nc5 g6 29. Nxe4 fxe4 30. Rb3 a5 31. a3 bxa3 32. Rxa3 Rb8 33. Rxa5 Rxb2 34. Rc5 Rb6 35. Ke3 h5 36. Kxe4 Kg7 37. Ke5 g5 38. Kd6 1-0

[Event "IECC O-4147"]
[Site "IECC email"]
[Date "2015.12.20"]
[Round "?"]
[White "Klapp, Ulrich"]
[Black "Pratt, Lou"]
[Result "1-0"]
[WhiteElo "1233"]
[BlackElo "1270"]
[PlyCount "69"]
[EventDate "2015.??.??"]
[EventType "swiss (corr)"]
[EventRounds "2"]
[SourceTitle "Corr 2020"]
[Source "ChessBase"]
[SourceDate "2019.09.30"]
[SourceVersion "1"]
[SourceVersionDate "2019.09.30"]
[SourceQuality "1"]
[WhiteTeam "Germany"]
[BlackTeam "United States"]
[WhiteTeamCountry "GER"]
[BlackTeamCountry "USA"]

1. c4 Nf6 2. Nc3 g6 3. d4 d6 4. e4 Bg7 5. Nf3 0-0 6. g3 Bg4 7. Bg2 Nc6 8. 0-0 e5 9. d5 Nd4 10. Be3 Nxf3+ 11. Bxf3 Bxf3 12. Qxf3 b6 13. Bg5 h6 14. Be3 Qd7 15. a4 Ng4 16. Bd2 a5 17. Nb5 Nf6 18. h4 Qg4 19. Qxg4 Nxg4 20. f3 Nf6 21. Nxc7 Rac8 22. Nb5 Rxc4 23. Nxd6 Rc7 24. Rfc1 Rxc1+ 25. Rxc1 Nd7 26. Rc7 Nc5 27. Nb7 Nxa4 28. d6 Bf6 29. Bxh6 Re8 30. d7 Re6 31. Rc8+ Kh7 32. Bg5 Bxg5 33. hxg5 Nc5 34. d8Q Nxb7 35. Qh8# 1-0

[Event "IECC M1-2015.T032"]
[Site "IECC email"]
[Date "2015.11.19"]
[Round "?"]
[White "Klapp, Ulrich"]
[Black "D'Aragona, Vittoria"]
[Result "0-1"]
[WhiteElo "1254"]
[BlackElo "1482"]
[PlyCount "62"]
[EventDate "2015.??.??"]
[EventType "match (corr)"]
[EventRounds "2"]
[SourceTitle "Corr 2020"]
[Source "ChessBase"]
[SourceDate "2019.09.30"]
[SourceVersion "1"]
[SourceVersionDate "2019.09.30"]
[SourceQuality "1"]
[WhiteTeam "Germany"]
[BlackTeam "Italy"]
[WhiteTeamCountry "GER"]
[BlackTeamCountry "ITA"]

1. d4 d5 2. c4 dxc4 3. e3 Be6 4. Nf3 c6 5. Nc3 Nf6 6. Be2 b5 7. 0-0 g6 8. Qc2 Bg7 9. Bd2 0-0 10. h3 Na6 11. Ne5 Qd6 12. Bf3 Nb4 13. Qb1 Nfd5 14. a3 Na6 15. Ne4 Qc7 16. Qc2 Bxe5 17. dxe5 Qxe5 18. Bc3 Nxc3 19. Nxc3 Bf5 20. Qd2 Rfd8 21. Qe1 Bd3 22. Be2 Nc5 23. Rd1 a5 24. Bxd3 cxd3 25. f4 Qe6 26. b4 axb4 27. axb4 Na6 28. Qg3 f5 29. Rfe1 Nxb4 30. Rb1 Nc2 31. Red1 b4 0-1

[Event "IECC O-4094"]
[Site "IECC email"]
[Date "2015.10.31"]
[Round "?"]
[White "Campbell, Iain"]
[Black "Klapp, Ulrich"]
[Result "1-0"]
[WhiteElo "1252"]
[BlackElo "1278"]
[PlyCount "73"]
[EventDate "2015.??.??"]
[EventType "swiss (corr)"]
[EventRounds "2"]
[SourceTitle "Corr 2020"]
[Source "ChessBase"]
[SourceDate "2019.09.30"]
[SourceVersion "1"]
[SourceVersionDate "2019.09.30"]
[SourceQuality "1"]
[WhiteTeam "Australia"]
[BlackTeam "Germany"]
[WhiteTeamCountry "AUS"]
[BlackTeamCountry "GER"]

1. e4 d6 2. d4 Nf6 3. Nc3 e5 4. dxe5 Nfd7 5. exd6 Bxd6 6. Nf3 0-0 7. Bg5 Qe8 8. Bc4 Ne5 9. Bb3 Bg4 10. h3 Nxf3+ 11. gxf3 Bh5 12. Qe2 c6 13. 0-0-0 Bc7 14. Rhg1 Nd7 15. Qe3 Bb6 16. Qd2 Ne5 17. Bf6 Bg6 18. Bxe5 Qxe5 19. f4 Qc5 20. f5 Rad8 21. Qe2 Bxf5 22. exf5 Qxf5 23. Qg4 Rxd1+ 24. Nxd1 Qxg4 25. hxg4 Re8 26. c3 Bc7 27. Ne3 Bf4 28. Kd2 b5 29. g5 g6 30. Rg4 Rd8+ 31. Ke2 Bxe3 32. fxe3 c5 33. c4 a6 34. Re4 h5 35. gxh6 Kh7 36. cxb5 axb5 37. Bxf7 1-0

[Event "IECC O-4082"]
[Site "IECC email"]
[Date "2015.10.10"]
[Round "?"]
[White "Kellaway, Ted"]
[Black "Klapp, Ulrich"]
[Result "0-1"]
[WhiteElo "1091"]
[BlackElo "1269"]
[PlyCount "68"]
[EventDate "2015.??.??"]
[EventType "swiss (corr)"]
[EventRounds "2"]
[SourceTitle "Corr 2020"]
[Source "ChessBase"]
[SourceDate "2019.09.30"]
[SourceVersion "1"]
[SourceVersionDate "2019.09.30"]
[SourceQuality "1"]
[WhiteTeam "South Africa"]
[BlackTeam "Germany"]
[WhiteTeamCountry "RSA"]
[BlackTeamCountry "GER"]

1. e4 d6 2. d4 g6 3. Be3 Bg7 4. Bc4 Be6 5. Qe2 d5 6. Bb3 Nc6 7. Nc3 Nxd4 8. Bxd4 Bxd4 9. Nxd5 Bxb2 10. Rd1 c6 11. Nf6+ Nxf6 12. Rxd8+ Rxd8 13. c4 Bc3+ 14. Kf1 Rd2 15. h3 Rxe2 16. Nxe2 Nxe4 17. Bc2 Nd2+ 18. Kg1 Be5 19. f4 Bd6 20. Bd3 0-0 21. Kf2 Rd8 22. g3 Bc5+ 23. Ke1 Rxd3 24. Nc1 Nf3+ 25. Ke2 Re3+ 26. Kd1 Bxc4 27. Kc2 Ne1+ 28. Kd1 Bb4 29. Rh2 Rxg3 30. Rb2 Rg1 31. Rxb4 Nd3+ 32. Kd2 Nxb4 33. Kc3 Rxc1+ 34. Kxb4 Bxa2 0-1

[Event "IECC O-4025"]
[Site "IECC email"]
[Date "2015.07.22"]
[Round "?"]
[White "Klapp, Ulrich"]
[Black "Kellaway, Ted"]
[Result "1-0"]
[WhiteElo "1260"]
[BlackElo "1120"]
[PlyCount "102"]
[EventDate "2015.??.??"]
[EventType "swiss (corr)"]
[EventRounds "2"]
[SourceTitle "Corr 2020"]
[Source "ChessBase"]
[SourceDate "2019.09.30"]
[SourceVersion "1"]
[SourceVersionDate "2019.09.30"]
[SourceQuality "1"]
[WhiteTeam "Germany"]
[BlackTeam "South Africa"]
[WhiteTeamCountry "GER"]
[BlackTeamCountry "RSA"]

1. d4 d5 2. c4 Nf6 3. Nc3 dxc4 4. e4 e6 5. e5 Nd5 6. Bxc4 c6 7. Nf3 Be7 8. 0-0 0-0 9. Re1 b6 10. Bd2 a6 11. Qe2 Bb7 12. a3 Nd7 13. Qe4 g6 14. Ne2 b5 15. Bb3 f5 16. exf6 N7xf6 17. Qh4 h5 18. Nf4 Nxf4 19. Bxf4 Nd5 20. Bg5 Bc8 21. Bxd5 Qxd5 22. Qe4 Qxe4 23. Rxe4 Ra7 24. h4 Bd6 25. Rd1 Re8 26. b4 a5 27. Ne5 a4 28. Nxc6 Bb7 29. Nxa7 Bxe4 30. Nxb5 Bb8 31. Nc3 Bc2 32. Rc1 Bb3 33. Ne4 Kf7 34. Rc6 Bd5 35. Nd6+ Kg8 36. Rb6 Rf8 37. Be7 Bc7 38. Ra6 Ra8 39. b5 Kg7 40. Rxa8 Bxd6 41. Ra7 Bxe7 42. Rxe7+ Kf6 43. Ra7 e5 44. dxe5+ Kxe5 45. b6 Kd6 46. Rg7 Ke5 47. Rxg6 Be4 48. Rg5+ Kf6 49. Rxh5 Ke6 50. Ra5 Bc6 51. h5 Kf6 1-0

[Event "IECC M1-2015.T001"]
[Site "IECC email"]
[Date "2015.01.24"]
[Round "?"]
[White "Soileau, Clany"]
[Black "Klapp, Ulrich"]
[Result "1/2-1/2"]
[WhiteElo "1257"]
[BlackElo "1304"]
[PlyCount "40"]
[EventDate "2015.??.??"]
[EventType "match (corr)"]
[EventRounds "2"]
[SourceTitle "Corr 2020"]
[Source "ChessBase"]
[SourceDate "2019.09.30"]
[SourceVersion "1"]
[SourceVersionDate "2019.09.30"]
[SourceQuality "1"]
[WhiteTeam "United States"]
[BlackTeam "Germany"]
[WhiteTeamCountry "USA"]
[BlackTeamCountry "GER"]

1. e4 e6 2. d3 d5 3. Nd2 c5 4. g3 Bd6 5. Ngf3 Bc7 6. Bg2 Nc6 7. 0-0 Nge7 8. Re1 d4 9. Nc4 0-0 10. Nh4 e5 11. Rf1 Be6 12. b3 b5 13. Nd2 a6 14. a4 Rb8 15. axb5 axb5 16. f4 exf4 17. gxf4 Ba5 18. f5 Bd7 19. f6 gxf6 20. Rxf6 Ng6 1/2-1/2

[Event "IECC M1-2014.T029"]
[Site "IECC email"]
[Date "2014.07.25"]
[Round "?"]
[White "Klapp, Ulrich"]
[Black "D'Aragona, Vittoria"]
[Result "0-1"]
[WhiteElo "1330"]
[BlackElo "1401"]
[PlyCount "42"]
[EventDate "2014.??.??"]
[EventType "match (corr)"]
[EventRounds "2"]
[SourceTitle "Corr 2020"]
[Source "ChessBase"]
[SourceDate "2019.09.30"]
[SourceVersion "1"]
[SourceVersionDate "2019.09.30"]
[SourceQuality "1"]
[WhiteTeam "Germany"]
[BlackTeam "Italy"]
[WhiteTeamCountry "GER"]
[BlackTeamCountry "ITA"]

1. c4 e5 2. g3 d6 3. Bg2 f5 4. e3 Nf6 5. b3 Be7 6. Ne2 0-0 7. Nbc3 c6 8. Ba3 Qa5 9. Qc1 e4 10. 0-0 Nbd7 11. Nd4 Ne5 12. b4 Qd8 13. f3 a5 14. bxa5 Qxa5 15. Bb2 exf3 16. Nxf3 Nxc4 17. Ng5 Ng4 18. h4 Bf6 19. Bh3 Nxb2 20. Bxg4 Na4 21. Rf4 Nxc3 0-1

[Event "SE-2014-0-00163"]
[Site "LSS email"]
[Date "2014.04.13"]
[Round "?"]
[White "De Booij, Marco"]
[Black "Klapp, Ulrich"]
[Result "0-1"]
[WhiteElo "1253"]
[BlackElo "1376"]
[PlyCount "50"]
[EventDate "2014.02.25"]
[EventType "tourn (corr)"]
[EventRounds "6"]
[EventCountry "GER"]
[SourceTitle "Corr 2022"]
[Source "ChessBase"]
[SourceDate "2021.10.24"]
[SourceVersion "1"]
[SourceVersionDate "2021.10.24"]
[SourceQuality "1"]

1. e4 e5 2. Nf3 Nc6 3. Bb5 a6 4. Ba4 Nge7 5. 0-0 Ng6 6. d4 exd4 7. Nxd4 Bc5 8. Nxc6 bxc6 9. Nd2 0-0 10. c3 Ne5 11. Nf3 Qe7 12. Nxe5 Qxe5 13. Qf3 Re8 14. Bc2 a5 15. a3 Ba6 16. Bf4 Qf6 17. Rfe1 Rab8 18. b4 Bd6 19. e5 Qe6 20. g3 c5 21. Bxh7+ Kxh7 22. Qh5+ Kg8 23. exd6 Qxe1+ 24. Rxe1 Rxe1+ 25. Kg2 Bf1+ 0-1

[Event "CP-2011-P-00047"]
[Site "LSS email"]
[Date "2011.09.30"]
[Round "?"]
[White "Klapp, Ulrich"]
[Black "Sigurdsson, Johann Helgi"]
[Result "0-1"]
[WhiteElo "1331"]
[BlackElo "2205"]
[PlyCount "48"]
[EventDate "2011.10.01"]
[EventType "tourn (corr)"]
[EventRounds "6"]
[EventCountry "GER"]
[SourceTitle "Telechess CBM 165"]
[Source "ChessBase"]
[SourceDate "2015.03.11"]
[SourceVersion "1"]
[SourceVersionDate "2015.03.11"]
[SourceQuality "1"]

1. c4 e5 2. g3 Nf6 3. Bg2 d5 4. cxd5 Nxd5 5. Nf3 Nc6 6. 0-0 Nb6 7. Nc3 Be7 8. e3 Qd3 9. Qe2 Qxe2 10. Nxe2 Bg4 11. b3 e4 12. Nfd4 Bf6 13. Nc3 Nxd4 14. exd4 0-0-0 15. Re1 Bxd4 16. Rxe4 Bf5 17. Rf4 g6 18. Ba3 Be5 19. Rf3 Rxd2 20. Re3 Bd4 21. Rf3 Bg4 22. Rf4 Bxc3 23. Rc1 Be6 24. Rxc3 Rd1+ 0-1

[Event "CP-2011-P-00047"]
[Site "LSS email"]
[Date "2011.09.30"]
[Round "?"]
[White "Owens, Johnny"]
[Black "Klapp, Ulrich"]
[Result "1-0"]
[WhiteElo "1906"]
[BlackElo "1331"]
[PlyCount "39"]
[EventDate "2011.10.01"]
[EventType "tourn (corr)"]
[EventRounds "6"]
[EventCountry "GER"]
[SourceTitle "Telechess CBM 165"]
[Source "ChessBase"]
[SourceDate "2015.03.11"]
[SourceVersion "1"]
[SourceVersionDate "2015.03.11"]
[SourceQuality "1"]

1. d4 Nf6 2. Nf3 e6 3. Bf4 b6 4. h3 Bb7 5. e3 d5 6. Bb5+ c6 7. Bd3 Nbd7 8. 0-0 Be7 9. c4 0-0 10. Nc3 dxc4 11. Bxc4 Bb4 12. Qe2 Bxc3 13. bxc3 b5 14. Bd3 Qa5 15. Bd6 Rfe8 16. e4 Nb6 17. e5 Nfd5 18. Ng5 h6 19. Nxf7 Qxc3 20. Qe4 1-0

[Event "LSS No Engine Cup 47 Preliminary 2"]
[Site "LSS email"]
[Date "2011.07.25"]
[Round "?"]
[White "Klapp, Ulrich"]
[Black "Testa, Italo"]
[Result "1-0"]
[WhiteElo "1353"]
[BlackElo "961"]
[PlyCount "81"]
[EventDate "2011.07.26"]
[EventType "tourn (corr)"]
[EventRounds "6"]
[EventCountry "GER"]
[SourceTitle "Telechess CBM 151"]
[Source "ChessBase"]
[SourceDate "2012.11.13"]
[SourceVersion "1"]
[SourceVersionDate "2012.11.13"]
[SourceQuality "1"]

1. g3 d5 2. Bg2 Nf6 3. d3 e6 4. Nf3 Nc6 5. 0-0 Bd6 6. Bd2 0-0 7. Re1 Bd7 8. Nc3 a6 9. a3 Qe7 10. e4 dxe4 11. dxe4 Ne5 12. Nxe5 Bxe5 13. f4 Bd4+ 14. Be3 Bxe3+ 15. Rxe3 Rad8 16. b4 Bc6 17. Qe1 Rd7 18. Rd1 Rfd8 19. Rxd7 Qxd7 20. e5 Nd5 21. Rd3 Qe7 22. Qd1 h6 23. Bxd5 Bxd5 24. Nxd5 exd5 25. Rxd5 Rxd5 26. Qxd5 c6 27. Qd4 g6 28. Kf2 h5 29. Ke3 Kf8 30. f5 gxf5 31. Kf4 Qe6 32. Qd6+ Kg7 33. Kg5 f4 34. Qxe6 fxe6 35. gxf4 h4 36. Kxh4 Kh6 37. c4 Kg6 38. Kg4 b6 39. h4 b5 40. h5+ Kh6 41. f5 1-0

[Event "LSS No Engine Cup 43 Preliminary 2"]
[Site "LSS email"]
[Date "2011.05.27"]
[Round "?"]
[White "Ducharme, Steven"]
[Black "Klapp, Ulrich"]
[Result "0-1"]
[WhiteElo "940"]
[BlackElo "1353"]
[PlyCount "50"]
[EventDate "2011.05.28"]
[EventType "tourn (corr)"]
[EventRounds "6"]
[EventCountry "GER"]
[SourceTitle "Telechess CBM 151"]
[Source "ChessBase"]
[SourceDate "2012.11.13"]
[SourceVersion "1"]
[SourceVersionDate "2012.11.13"]
[SourceQuality "1"]

1. d4 Nc6 2. d5 Ne5 3. e4 e6 4. Nf3 Nxf3+ 5. Qxf3 Bd6 6. h4 exd5 7. exd5 Nf6 8. Qe2+ Be7 9. c4 0-0 10. Be3 d6 11. Nc3 Bf5 12. 0-0-0 Ng4 13. g3 c5 14. f3 Ne5 15. Bh3 Bxh3 16. Rxh3 Qd7 17. g4 b6 18. Rdh1 f5 19. g5 f4 20. Bd2 a6 21. R3h2 b5 22. Rg2 bxc4 23. h5 Rab8 24. Nd1 Rf5 25. Rhg1 Qa4 0-1

[Event "LSS No Engine Cup 43 Preliminary 2"]
[Site "LSS email"]
[Date "2011.05.27"]
[Round "?"]
[White "Klapp, Ulrich"]
[Black "Lonyuk, Bohdan"]
[Result "1-0"]
[WhiteElo "1353"]
[BlackElo "1035"]
[PlyCount "105"]
[EventDate "2011.05.28"]
[EventType "tourn (corr)"]
[EventRounds "6"]
[EventCountry "GER"]
[SourceTitle "Telechess CBM 151"]
[Source "ChessBase"]
[SourceDate "2012.11.13"]
[SourceVersion "1"]
[SourceVersionDate "2012.11.13"]
[SourceQuality "1"]

1. Nf3 g6 2. d4 Bg7 3. e3 Nf6 4. b3 0-0 5. Bb2 d6 6. Bd3 Nbd7 7. 0-0 e5 8. Nbd2 Re8 9. dxe5 dxe5 10. e4 Nh5 11. Re1 Nf4 12. Bc4 a6 13. Re3 b5 14. Bf1 Bb7 15. g3 Ne6 16. Bh3 c5 17. Bc3 Nd4 18. Bg2 g5 19. a4 g4 20. Nh4 h5 21. Nf5 Nxf5 22. exf5 Bxg2 23. Kxg2 Qg5 24. Ne4 Qd8 25. axb5 Nb6 26. Rd3 Qe7 27. bxa6 Red8 28. Rxd8+ Rxd8 29. Qe1 Nd5 30. Rd1 Nxc3 31. Nxc3 Rxd1 32. Qxd1 Qa7 33. Qd8+ Kh7 34. Qg5 Qa8+ 35. Kf1 Qxa6+ 36. Ke1 Qa1+ 37. Nd1 Qa5+ 38. c3 Qa2 39. Qxh5+ Bh6 40. Qxf7+ Kh8 41. Qe8+ Kh7 42. Qg6+ Kh8 43. Qxh6+ Kg8 44. Ne3 Qb1+ 45. Ke2 Qb2+ 46. Kd3 Qb1+ 47. Kc4 Qe1 48. Qg6+ Kf8 49. Nd5 Qe2+ 50. Kxc5 Qxf2+ 51. Kd6 Qe2 52. Nc7 Qd3+ 53. Ke6 1-0

[Event "LSS No Engine Cup 43 Preliminary 2"]
[Site "LSS email"]
[Date "2011.05.27"]
[Round "?"]
[White "Klapp, Ulrich"]
[Black "Mezei, Zsolt"]
[Result "0-1"]
[WhiteElo "1353"]
[BlackElo "1047"]
[PlyCount "48"]
[EventDate "2011.05.28"]
[EventType "tourn (corr)"]
[EventRounds "6"]
[EventCountry "GER"]
[SourceTitle "Telechess CBM 151"]
[Source "ChessBase"]
[SourceDate "2012.11.13"]
[SourceVersion "1"]
[SourceVersionDate "2012.11.13"]
[SourceQuality "1"]

1. c4 c5 2. g3 Nc6 3. Bg2 e5 4. Nc3 Nf6 5. Nf3 d6 6. 0-0 Be7 7. d3 0-0 8. Be3 Nd4 9. Ng5 h6 10. Nge4 Nxe4 11. Bxe4 f5 12. Bd5+ Kh8 13. Qa4 Bd7 14. Qd1 Rb8 15. a4 f4 16. gxf4 exf4 17. Bxf4 Rxf4 18. Qd2 Rg4+ 19. Kh1 Nb3 20. Qd1 Nxa1 21. Qxa1 Rh4 22. Ne4 Bc6 23. Rg1 Bxd5 24. cxd5 Bf6 0-1

[Event "LSS No Engine Cup 43 Preliminary 2"]
[Site "LSS email"]
[Date "2011.05.27"]
[Round "?"]
[White "Turoczi, Peter"]
[Black "Klapp, Ulrich"]
[Result "0-1"]
[WhiteElo "1400"]
[BlackElo "1353"]
[PlyCount "26"]
[EventDate "2011.05.28"]
[EventType "tourn (corr)"]
[EventRounds "6"]
[EventCountry "GER"]
[SourceTitle "Corr 2015"]
[Source "ChessBase"]
[SourceDate "2015.07.17"]
[SourceVersion "1"]
[SourceVersionDate "2015.07.17"]
[SourceQuality "1"]

1. d4 d5 2. Bf4 e6 3. e3 Nf6 4. Nf3 Bd6 5. Nbd2 0-0 6. Bd3 Bd7 7. 0-0 Ba4 8. Ne5 Nbd7 9. Qf3 Re8 10. e4 Qe7 11. b3 dxe4 12. Nxe4 Bc6 13. Nxc6 bxc6 0-1

[Event "BI-2011-P-00012"]
[Site "LSS email"]
[Date "2011.04.17"]
[Round "?"]
[White "Aalderink, Gerwin"]
[Black "Klapp, Ulrich"]
[Result "1-0"]
[WhiteElo "2084"]
[BlackElo "1346"]
[PlyCount "45"]
[EventDate "2011.04.20"]
[EventType "tourn (corr)"]
[EventRounds "10"]
[EventCountry "GER"]
[SourceTitle "Telechess CBM 157"]
[Source "ChessBase"]
[SourceDate "2013.11.12"]
[SourceVersion "1"]
[SourceVersionDate "2013.11.12"]
[SourceQuality "1"]

1. e4 c5 2. Nf3 d6 3. d4 cxd4 4. Nxd4 Nf6 5. Nc3 g6 6. Be3 Bg7 7. f3 Nc6 8. Qd2 0-0 9. Bc4 Bd7 10. h4 e5 11. Nxc6 Bxc6 12. 0-0-0 Re8 13. g4 Rc8 14. h5 a5 15. hxg6 hxg6 16. Kb1 b6 17. Bh6 Bf8 18. Bxf8 Kxf8 19. Qh6+ Ke7 20. g5 Nh5 21. Rxh5 gxh5 22. Qf6+ Kd7 23. Qxd6# 1-0

[Event "BI-2011-P-00012"]
[Site "LSS email"]
[Date "2011.04.17"]
[Round "?"]
[White "Klapp, Ulrich"]
[Black "Laczay, Istvan"]
[Result "0-1"]
[WhiteElo "1346"]
[BlackElo "1579"]
[PlyCount "68"]
[EventDate "2011.04.20"]
[EventType "tourn (corr)"]
[EventRounds "10"]
[EventCountry "GER"]
[SourceTitle "Telechess CBM 155"]
[Source "ChessBase"]
[SourceDate "2013.07.16"]
[SourceVersion "1"]
[SourceVersionDate "2013.07.16"]
[SourceQuality "1"]

1. Nc3 c5 2. Nf3 Nc6 3. e4 d6 4. Bb5 Bd7 5. 0-0 Nf6 6. d3 e6 7. Re1 Be7 8. Bf4 0-0 9. a3 a6 10. Bxc6 Bxc6 11. Qd2 b5 12. b4 Rc8 13. bxc5 dxc5 14. Ne5 Bb7 15. h3 Nd7 16. Nxd7 Qxd7 17. Qe3 b4 18. Ne2 f6 19. Red1 e5 20. Bg3 Qc6 21. axb4 cxb4 22. Rdc1 Bc5 23. Qd2 Rfd8 24. Rd1 a5 25. Rxa5 Qb6 26. Ra2 Bxe4 27. Qc1 Bd5 28. Rb2 Qc6 29. c3 bxc3 30. Qxc3 Qa8 31. Qd2 Bxg2 32. Ra2 Qf3 33. Ra4 Bxh3 34. Qa2+ Kh8 0-1